000 00581nam a2200205 a 4500
001 17118
003 CO-ViMGA
008 141112s2004 ck r 000 u spa d
020 _a848432074X
040 _aCO-ViMGA
_bspa
_cCO-ViMGA
082 0 4 _a155.413 P143n
100 1 _aPiaget, Jean
_955302
245 1 0 _aEl nacimiento de la inteligencia en el niño
260 _aBarcelona (España),
_cCrítica,
_c2000
300 _a398.p.
590 _aForma de adquisición : Premio - Mincultura
650 1 4 _aINTELIGENCIA
_97037
650 1 4 _aPSICOLOGIA INFANTIL
_91631
942 _2ddc
_cBK
999 _c26722
_d26722